Welke landen zijn van de voetbalbond CONMEBOL? - Statistieken

Algemene statistieken
  • Deze quiz is 59 keer genomen
  • De gemiddelde score is 9 van 10
Antwoordstatistieken
Landen % Correct
Argentinië
98%
Brazilië
96%
Colombia
92%
Chili
90%
Bolivia
88%
Uruguay
88%
Peru
84%
Paraguay
82%
Venezuela
80%
Ecuador
78%
Geen overeenkomende quizzen gevonden
Scoreverdeling
Procent van Mensen met Elke Score
Percentiel versus Aantal Correcte Antwoorden
Uw Scoregeschiedenis
U heeft deze quiz nog niet genomen